Návrh systémového riešenia na zníženie fluktuácie a na zlepšenie stabilizácie zamestnancov v podniku HF NaJUS, a. s., Dubnica nad Váhom

Na minha lista:
Detalhes bibliográficos
Autor principal: Micháliková, Mária (Author)
Outros Autores: Holeček, Jaroslav (Thesis advisor)
Formato: Manuscrito Livro
Idioma:eslovaco
Publicado em: 2020
Assuntos:
Acesso em linha:http://is.stuba.sk/zp/portal_zp.pl?podrobnosti=151393
Tags: Adicionar Tag
Sem tags, seja o primeiro a adicionar uma tag!

MARC

LEADER 00000ntm a22000003a 4500
001 stuzp77730
003 SK-STU
005 20200704211519.6
007 ta
008 150427s2015----xo-----f-mn---000-0-slo-d
040 |a STU  |b slo 
041 0 |a slo 
100 1 |a Micháliková, Mária  |u 064000  |k Z4  |4 aut  |U MTF Materiálovotechnologická fakulta  |T MTF Ústav priemyselného inžinierstva a manažmentu  |X 82547  |U M4000  |Y 84  |7 82547 
242 0 1 |a Proposal of a system solution to reduce turnover and improve staff stabilization in the company HF NaJUS, a. s., Dubnica nad Vahom  |y eng 
245 1 0 |a Návrh systémového riešenia na zníženie fluktuácie a na zlepšenie stabilizácie zamestnancov v podniku HF NaJUS, a. s., Dubnica nad Váhom 
260 |c 2020 
650 4 |a Fluktuácia  |2 slo 
650 4 |a Spokojnosť  |2 slo 
650 4 |a Zamestnanci  |2 slo 
650 4 |a Stabilizácia  |2 slo 
650 4 |a Stabilization  |2 eng 
650 4 |a Turnover  |2 eng 
650 4 |a Satisfaction  |2 eng 
650 4 |a Employees  |2 eng 
700 1 |a Holeček, Jaroslav  |u 064000  |k Z1  |4 ths  |U MTF Materiálovotechnologická fakulta  |T MTF Ústav priemyselného inžinierstva a manažmentu  |X 53298  |U M4000  |Y 84  |7 A000053298 
856 4 |u http://is.stuba.sk/zp/portal_zp.pl?podrobnosti=151393 
996 |c M* DP-14342  |l MMSKP  |s P  |a 0  |w stuzp77730_0001